000 00304nam a22001457a 4500
003 SGT
020 _a8186356088
082 _a353
_bBAR
100 _aDE BARIN
245 _aCORRUPTION UNLIMITED
250 _a1
260 _aCALCUTTA
_bSRI AUROBINDO UNIVERSAL
_c1995
300 _a262
942 _2ddc
_cBK
999 _c29249
_d29249